20 Asian cities furthest from a bigger, with a map. - Statistics

General Stats
  • This quiz has been taken 190 times
    28 since last reset
  • The average score is 17 of 20
Answers on the Map
Answers color-coded by a green-red scale on the quiz's map according to % correct below.
 
Answer Stats
Km Pop City Nearest bigger % Correct
1533 22.4 M Bangkok Dhaka
100%
1236 18.3 M Chengdu Guangzhou
100%
3649 36.9 M Delhi Guangzhou
100%
1426 23.7 M Dhaka Delhi
100%
- 73.6 M Guangzhou -
100%
3313 29.8 M Jakarta Guangzhou
100%
1007 9.75 M Kuala Lumpur Ho Chi Minh City
100%
1246 27.1 M Manila Guangzhou
100%
1164 28.1 M Mumbai Delhi
100%
987 7.90 M Riyadh Baghdad
100%
1211 42.3 M Shanghai Guangzhou
100%
1918 17.2 M Tehran Karachi
100%
1760 41.3 M Tokyo Shanghai
100%
1696 5.15 M Ürümqi Rawalpindi
92%
1403 1.82 M Yekaterinburg Novosibirsk
88%
1291 1.83 M Novosibirsk Ürümqi
84%
1545 372 k Yakutsk Khabarovsk
64%
1321 162 k Petropavlovsk-Kamchatsky Yuzhno-Sakhalinsk
44%
1493 13.2 k Anadyr Magadan
40%
1081 175 k Norilsk Nizhnevartovsk
36%
No matching quizzes found
Score Distribution
Percent of People with Each Score
Percentile by Number Answered
Your Score History
You have not taken this quiz since the last reset